00697cam a22002171 4500001001300000003000400013005001700017008004100034010001700075035002000092040001700112042001200129050001900141100001700160245011500177260007200292300004600364600003100410752002100441999001700462he 68000511 DLC20260227111453.0830728s1966 is 000 0 heb  ahe 68000511  a(OCoLC)19148805 aDLCcMHdDLC apremarc00aDS126.6.A7bC61 aCohen, Adir.10aBe-ruaḥ seʻarah :bperaḳim me-ḥayaṿ u-mifʻalo shel Yehudah Arazi /c[neʻerakh ʻal yede Adir Kohen] a[Tel Aviv] :b[Museʼon Tsahal, Bet Eliyahu-Bet ha-haganah],c1966. a148 p. :bill., facsim., ports. ;c22 cm.10aArazi, Yehuda,d1907-1959. aIsraeldTel Aviv c32947d32947